000 00611cam a22002291 4500
001 sa 68005764
003 DLC
005 20260227112511.0
008 900126s1967 pk bc 000 0 urdr
010 _asa 68005764
035 _a(OCoLC)20962837
040 _aDLC
_cWaU
_dDLC
042 _apremarc
050 0 0 _aZ6605.I5
_bQ2
100 1 _aQādirī, Shamsullāh.
245 1 0 _aMak̲h̲t̤ūt̤āt-i tārīk̲h̲i.
260 _aKarachi,
_c[1967]
300 _a48 p.
_c22 cm. unbd.
500 _aIn Urdu.
504 _aBibliographical footnotes.
650 0 _aManuscripts, Indic
_xCatalogs
_vBibliography.
999 _c80943
_d80943